Click Asian Countries In Their Native Language On A Map - Statistics

General Stats
  • This quiz has been taken 88 times
  • The average score is 39 of 48
Answers on the Map
Answers color-coded by a green-red scale on the quiz's map according to % correct below.
 
Answer Stats
Answer % Correct
Mongol Uls
94%
Śrī Laṁkāva
94%
Türkiye
94%
Afghānistān
92%
Táiwān
92%
Indonesia
91%
Pilipinas
91%
Bangladesh
89%
Lao
89%
Myanma
89%
Pākistān
89%
Prathet Thai
89%
Qazaqstan
89%
Việt Nam
89%
Al-Saudiyyah
88%
Irān
88%
Kýpros
88%
O‘zbekiston
88%
Nepāl
86%
Oman
86%
Turkmenistan
86%
Yisra'el
86%
Al-Iraq
85%
Al-Yaman
85%
Malaysia
85%
Singapura
85%
Azərbaycan
83%
Lubnan
83%
Nihon
83%
Suriyah
83%
Al-Bahrayn
82%
Qaṭar
82%
Zhōngguó
82%
Al-Kuwayt
80%
Kyrgyzstan
80%
Timór Leste
78%
Tojikiston
77%
Kampuchea
75%
Al-Imarat
72%
Brunei
71%
Hanguk
71%
Bhārat
68%
Sakartvelo
66%
Al-Urdunn
62%
Chosŏn
60%
Druk Yul
57%
Dhivehi Raajje
49%
Hayastan
49%
No matching quizzes found
Score Distribution
Percent of People with Each Score
Percentile by Number Answered
Your Score History
You have not taken this quiz